An introduction to criminal law

Gespeichert in:  
Bibliographische Detailangaben
1. VerfasserIn: Parker, Graham 1970- (Verfasst von)
Medienart: Druck Buch
Sprache:Englisch
Veröffentlicht: Toronto [u.a.] Methuen 1977
In:Jahr: 1977
Bestand in Tübingen:In Tübingen vorhanden.
UB: KB 9 A 210
Verfügbarkeit prüfen: HBZ Gateway
Subito Bestelldienst: Jetzt bestellen.

MARC

LEADER 00000cam a22000002c 4500
001 1094250872
003 DE-627
005 20251224220539.0
007 tu
008 910522s1977 xx ||||| 00| ||eng c
035 |a (DE-627)1094250872 
035 |a (DE-576)024250872 
035 |a (DE-599)BSZ024250872 
035 |a (OCoLC)03649725 
040 |a DE-627  |b ger  |c DE-627  |e rakwb 
041 |a eng 
082 0 |a 345/.71 
084 |a PH 6433  |2 rvk  |0 (DE-625)rvk/136437:404 
100 1 |8 1\p  |a Parker, Graham  |d 1970-  |0 (DE-588)151483124  |0 (DE-627)665221339  |0 (DE-576)347999638  |4 aut 
109 |a Parker, Graham 1970- 
245 1 3 |a An introduction to criminal law  |c Graham Parker 
264 1 |a Toronto [u.a.]  |b Methuen  |c 1977 
300 |a XI, 357 S. 
336 |a Text  |b txt  |2 rdacontent 
337 |a ohne Hilfsmittel zu benutzen  |b n  |2 rdamedia 
338 |a Band  |b nc  |2 rdacarrier 
583 1 |a Archivierung prüfen  |c 20200919  |f DE-640  |z 1  |2 pdager 
883 |8 1\p  |a cgwrk  |d 20241001  |q DE-101  |u https://d-nb.info/provenance/plan#cgwrk 
936 r v |a PH 6433  |b Kommentare, Hand- und Lehrbücher zum materiellen Strafrecht  |k Rechtswissenschaft  |k Strafrecht, Strafverfahrensrecht, Kriminologie  |k Vergleichendes und ausländisches Straf- und Strafprozessrecht einschliesslich Strafvollzug  |k Ausländisches Recht - Einzelne Länder  |k Amerika  |k Nordamerika  |k Kanada  |k Kommentare, Hand- und Lehrbücher zum materiellen Strafrecht  |0 (DE-627)1275297005  |0 (DE-625)rvk/136437:404  |0 (DE-576)205297005 
951 |a BO 
ELC |b 1 
LOK |0 000 xxxxxcx a22 zn 4500 
LOK |0 001 2164828445 
LOK |0 003 DE-627 
LOK |0 004 1094250872 
LOK |0 005 20020606000000 
LOK |0 008 910522||||||||||||||||ger||||||| 
LOK |0 040   |a DE-21  |c DE-627  |d DE-21 
LOK |0 852   |a DE-21 
LOK |0 852 1  |c KB 9 A 210  |9 00 
LOK |0 935   |a krim 
LOK |0 936ln  |a k5.7 
LOK |0 939   |a 22-05-91  |b l01 
ORI |a SA-MARC-krimdoka001.raw 
SIG |a UB: KB 9 A 210